00820nam a22001817a 4500003000900000008004100009040007100050082001700121100002200138245011300160260002400273300002800297440003100325505020700356650003100563650002900594650001500623AR-CdUCM190521b ||||| |||| 00| 0 spa d aMUNICIPALIDAD PROVINCIAL DEL CUSCOcBIBLIOTECA MUNICIPAL DEL CUSCO a338.2 /bC74 aContreras, Carlos aMineros y campesinos en los Andes :bmercado laboral y economía campesina en la sierra central siglo XIX / aLima :bIEP,c1987. a178 páginas ;c21 cm. aEstudios históricos n12 aContenido: La minería en el siglo XIX: estado, producción y condiciones regionales -- Formación y características de la fuerza laboral minera -- Trabajo minero estacional y economía campesina. aMinas y recursos minerales aCondiciones económicas aCampesinos